|
|
|
|
| LEADER |
00000nam0a2200000 4500 |
| 001 |
374678 |
| 005 |
20231102012653.0 |
| 020 |
|
|
|a RU
|b 86-82303
|
| 035 |
|
|
|a (RuTPU)RU\TPU\retro\32112
|
| 035 |
|
|
|a RU\TPU\book\303980
|
| 090 |
|
|
|a 374678
|
| 100 |
|
|
|a 20221219d1986 k z0rusy5003 ca
|
| 101 |
0 |
|
|a rus
|
| 102 |
|
|
|a RU
|
| 105 |
|
|
|a y z 001zy
|
| 200 |
1 |
|
|a Территориальная структура экономического района: теоретико-методологические аспекты
|f В. К. Бугаев
|g Географическое общество Союза ССР ; под ред. А. И. Чистобаева
|
| 210 |
|
|
|a Ленинград
|c Наука
|d 1986
|
| 215 |
|
|
|a 166 с.
|d 20 см
|
| 320 |
|
|
|a Библиогр.: с. 157-165
|
| 606 |
1 |
|
|a Экономическое районирование
|y Россия
|y СССР
|2 stltpush
|3 (RuTPU)RU\TPU\subj\26625
|9 50514
|
| 606 |
1 |
|
|a Экономика
|x Размещение и специализация
|y Россия
|y СССР
|2 stltpush
|3 (RuTPU)RU\TPU\subj\64445
|9 81343
|
| 610 |
1 |
|
|a общественное производство
|
| 610 |
1 |
|
|a территориальная структура
|
| 610 |
1 |
|
|a страна
|
| 610 |
1 |
|
|a административно-территориальное деление
|
| 610 |
1 |
|
|a экономическое деление
|
| 610 |
1 |
|
|a сопряженные системы
|
| 686 |
|
|
|a У04(2)6
|v LBC/SL-A
|2 rubbk
|
| 686 |
|
|
|a У9(2)0-45
|v LBC/SL-A
|2 rubbk
|
| 700 |
|
1 |
|a Бугаев
|b В. К.
|g Владимир Константинович
|4 070
|
| 702 |
|
1 |
|a Чистобаев
|b А. И.
|4 340
|
| 712 |
0 |
2 |
|a Географическое общество Союза ССР
|c (1938-1992)
|2 stltpush
|3 (RuTPU)RU\TPU\col\8461
|9 24529
|
| 801 |
|
0 |
|a RU
|b RuMRKP
|c 19950704
|g psbo
|
| 801 |
|
1 |
|a RU
|b 63413507
|c 20150112
|
| 801 |
|
2 |
|a RU
|b 63413507
|c 20221219
|g RCR
|
| 942 |
|
|
|c BK
|